| 000 | 00719nam a22002177a 4500 | ||
|---|---|---|---|
| 005 | 20170328150931.0 | ||
| 010 | _aENG-117356 | ||
| 020 |
_a9780199468270 _c950.00 |
||
| 020 |
_a0199468273 _c950.00 |
||
| 035 | _aEN-100888 | ||
| 037 | _bDABD/PUB | ||
| 082 | _a193 | ||
| 100 | _aRathore, Aakash Singh | ||
| 245 |
_aHegel's India : _cby Aakash Singh Rathore [and] Rimina Mohapatra _ba reinterpretation,with texts / |
||
| 260 |
_aNew Delhi _bOxford University Press _c2017 |
||
| 270 |
_aYMCA Library Buiding 1 Jai Singh _bNew Delhi _e110001 |
||
| 300 |
_ax,310p. _c23cm(Hb) |
||
| 500 | _aIncludes bibliographical references andindex | ||
| 700 | _a Mohapatra, Rimina | ||
| 942 |
_2ddc _cEN _h193 _mRAT |
||
| 999 |
_c138501 _d138501 |
||